000 00835nam a22002297a 4500
005 20130530154704.0
008 080922t xxu||||| |||| 00| 0 eng d
010 _aB-506550-551
020 _a9788131721346
_c699.00
035 _aB-506550-551
037 _bKKP/Ven
040 _adpl
_bEnglish
082 _a521
100 _aHegde, Rama Krishana
245 _aThe pearson guide to the GATE (Mechanical engineering) /
_cRama Krishana Hegde
246 _aGATE
260 _aNoida
_bPearson
_c2012
270 _a7th floor, Knowledge Boulevard, A-8(A), Sector 62
_bNoida
_e201309
300 _a937p.
_c25cm(pbk)
_e1-CD ROM
942 _2ddc
_cEN
_mHEG
_h521
999 _c76355
_d76355